| 000 | 00000nam 2200000za 4500 |
| 001 | 9.843406 |
| 003 | CaOODSP |
| 005 | 20221107152521 |
| 007 | cr ||||||||||| |
| 008 | 170912s2016 onc o f000 0 eng d |
| 040 | |aCaOODSP|beng |
| 043 | |an-cn--- |
| 086 | 1 |aD97-1/1-2016E-PDF |
| 245 | 00|aUsing your mobile device securely |h[electronic resource]. |
| 260 | |a[Ottawa] : |bCommunications Security Establishment, |c2016. |
| 300 | |a[2] p. |
| 490 | 1 |aAwareness series ; |vITSAP.00.001 |
| 500 | |aIssued also in French under title: Utiliser son dispositif mobile en toute sécurité. |
| 500 | |aCaption title. |
| 500 | |a"Unclassified." |
| 500 | |a"June 2016." |
| 692 | 07|2gccst|aFederal government |
| 692 | 07|2gccst|aComputer security |
| 710 | 2 |aCommunications Security Establishment (Canada) |
| 775 | 08|tUtiliser son dispositif mobile en toute sécurité |w(CaOODSP)9.843410 |
| 830 | #0|aAwareness series (Communications Security Establishment (Canada))|vITSAP.00.001.|w(CaOODSP)9.842810 |
| 856 | 40|qPDF|s578 KB|uhttps://publications.gc.ca/collections/collection_2017/cstc-csec/D97-1-1-2016-eng.pdf |
| 856 | 4 |qHTML|sN/A|uhttps://cyber.gc.ca/en/guidance/using-your-mobile-device-securely-itsap00001 |